MARC details
| 000 -LEADER |
| campo de control de longitud fija |
02649nim a2200421 i 4500 |
| 001 - NÚMERO DE CONTROL |
| campo de control |
197407 |
| 003 - IDENTIFICADOR DE NÚMERO DE CONTROL |
| campo de control |
ES-MaACL |
| 005 - FECHA Y HORA DE LA ÚLTIMA TRANSACCIÓN |
| campo de control |
20250828062643.0 |
| 007 - CAMPO FIJO DE DESCRIPCIÓN FÍSICA--INFORMACIÓN GENERAL |
| campo de control de longitud fija |
ss lsnjlcipnne |
| 008 - DATOS DE LONGITUD FIJA--INFORMACIÓN GENERAL |
| campo de control de longitud fija |
060525s1990 sp nnnn |||| 00| spa d |
| 040 ## - FUENTE DE CATALOGACIÓN |
| Lengua de catalogación |
spa |
| Centro/agencia transcriptor |
ES-MaACL |
| 245 00 - MENCIÓN DEL TÍTULO |
| Título |
Del deseo |
| Medio |
[Grabación sonora] : |
| Resto del título |
jornadas para una aproximación crítica |
| 260 ## - PUBLICACIÓN, DISTRIBUCIÓN, ETC. |
| Lugar de publicación, distribución, etc. |
Madrid : |
| Nombre del editor, distribuidor, etc. |
Ateneo de Madrid, |
| Fecha de publicación, distribución, etc. |
1991 |
| 300 ## - DESCRIPCIÓN FÍSICA |
| Extensión |
4 casetes (ca. 360 min) : |
| Otras características físicas |
son. ; |
| Dimensiones |
11 cm |
| 490 1# - MENCIÓN DE SERIE |
| Materiales especificados |
Actos culturales en el Ateneo de Madrid |
| 511 ## - NOTA DE PARTICIPANTES O INTÉRPRETES |
| Nota de participantes o intérpretes |
El día 28 de noviembre de 1991 intervienen Juan Bautista Fuentes, profesor de Psicología en la UCM y Eugenio Fernández, profesor de Filosofía Moderna y coordinador del master de Psicoanálisis de la UCM.<br/>El día 29 de noviembre de 1991 intervienen Carmen Gallano, psiquiatra y Carlos Gurméndez, filosofo y escritor. |
| 518 ## - NOTA DE FECHA/HORA Y LUGAR DE UN ACONTECIMIENTO |
| Nota de fecha/hora y lugar de un acontecimiento |
Grabado el 28 y 29 de noviembre de 1991 en el Salón de Actos del Ateneo de Madrid. |
| 520 ## - RESUMEN, ETC. |
| Sumario, etc. |
En la grabación sonora "Del deseo", realizada en el marco de unas jornadas organizadas por la Sección de Filosofía del Ateneo de Madrid, participaron Juan Bautista Fuentes Ortega, Eugenio Fernández García, Carmen Gallano y Carlos Gurméndez con el objetivo de ofrecer una aproximación crítica al concepto de deseo, considerado un tema de interés permanente. A lo largo de la sesión se abordó el deseo desde distintas perspectivas teóricas, centrándose especialmente en los paradigmas psicológicos, y analizando cómo ha sido entendido en diversas corrientes de pensamiento, desde el psicoanálisis hasta la psicología cognitiva, mostrando su complejidad, su papel en la subjetividad humana y su función estructurante en la vida psíquica y social. |
| 540 ## - NOTA DE CONDICIONES DE USO Y REPRODUCCIÓN |
| Condiciones de uso y reproducción |
Documento inédito |
| 594 ## - Nota al título y mención de responsabilidad |
| a |
Datos basados en la invitación. |
| 610 20 - PUNTO DE ACCESO ADICIONAL DE MATERIA--NOMBRE DE ENTIDAD CORPORATIVA |
| Nombre de entidad corporativa o nombre de jurisdicción como elemento de entrada |
Ateneo de Madrid- |
| Subdivisión general |
Actos culturales- |
| Subdivisión cronológica |
1991- |
| Subdivisión de forma |
Grabaciones sonoras |
| 9 (RLIN) |
240452 |
| 650 #7 - PUNTO DE ACCESO ADICIONAL DE MATERIA--TÉRMINO DE MATERIA |
| 9 (RLIN) |
144678 |
| Término de materia o nombre geográfico como elemento de entrada |
Deseo |
| 653 ## - TÉRMINO DE INDIZACIÓN--NO CONTROLADO |
| Término no controlado |
Archivo de la palabra |
| 655 #0 - TERMINO DE INDIZACIÓN--GENERO/FORMA |
| Datos o término principal de género/forma |
Conferencias |
| 9 (RLIN) |
234444 |
| 700 0# - ENTRADA AGREGADA--NOMBRE PERSONAL |
| 9 (RLIN) |
52937 |
| Nombre de persona |
Fuentes Ortega, Juan Bautista |
| Término indicativo de función/relación |
Orador |
| 700 1# - ENTRADA AGREGADA--NOMBRE PERSONAL |
| 9 (RLIN) |
139526 |
| Nombre de persona |
Fernández García, Eugenio |
| Término indicativo de función/relación |
Orador |
| 700 1# - ENTRADA AGREGADA--NOMBRE PERSONAL |
| 9 (RLIN) |
240599 |
| Nombre de persona |
Gallano, Carmen |
| Término indicativo de función/relación |
Orador |
| 700 1# - ENTRADA AGREGADA--NOMBRE PERSONAL |
| 9 (RLIN) |
60986 |
| Nombre de persona |
Gurméndez, Carlos ( |
| Término indicativo de función/relación |
Orador |
| Fechas asociadas al nombre |
1917-1997) |
| 710 2# - ENTRADA AGREGADA--NOMBRE DE ENTIDAD CORPORATIVA |
| Nombre de entidad corporativa o nombre de jurisdicción como elemento de entrada |
Ateneo de Madrid. |
| Término indicativo de función/relación |
Sede |
| Unidad subordinada |
Sección de Filosofía |
| 9 (RLIN) |
1992 |
| 830 #0 - PUNTO DE ACCESO ADICIONAL DE SERIE-TÍTULO UNIFORME |
| Título uniforme |
Actos culturales en el Ateneo de Madrid |
| 9 (RLIN) |
240237 |
| 852 ## - LOCALIZACIÓN |
| Ubicación |
ES-MaACL |
| Ubicación en estantería |
Depósito Z |
| Designación de la unidad física |
Cinta 1 |
| itemnumber |
205775 |
| 852 ## - LOCALIZACIÓN |
| Ubicación |
ES-MaACL |
| Ubicación en estantería |
Depósito Z |
| Designación de la unidad física |
Cinta 2 |
| itemnumber |
205776 |
| 852 ## - LOCALIZACIÓN |
| Ubicación |
ES-MaACL |
| Ubicación en estantería |
Depósito Z |
| Designación de la unidad física |
Cinta 3 |
| itemnumber |
205777 |
| 852 ## - LOCALIZACIÓN |
| Ubicación |
ES-MaACL |
| Ubicación en estantería |
Depósito Z |
| Designación de la unidad física |
Cinta 4 |
| itemnumber |
205778 |
| 942 ## - ELEMENTOS DE ENTRADA SECUNDARIOS (KOHA) |
| Fuente del sistema de clasificación o colocación |
Clasificación decimal universal |
| Suprimir en OPAC |
No |
| Tipo de ítem Koha |
Casete |